Ιστορία και Λειτουργία της Ευρωπαϊκής Ένωσης (Record no. 2052)
[ view plain ]
| 000 -LEADER | |
|---|---|
| fixed length control field | 02272cam a22001934a 4500 |
| 005 - ΗΜΕΡΟΜΗΝΙΑ ΚΑΙ ΩΡΑ ΤΕΛΕΥΤΑΙΑΣ ΕΝΗΜΕΡΩΣΗΣ | |
| Πεδίο ελέγχου | 20250605164029.0 |
| 008 - FIXED-LENGTH DATA ELEMENTS--GENERAL INFORMATION | |
| Πεδίο ελέγχου σταθερού μήκους | 250528s ||||||||||||||||||||||||d |
| 035 ## - SYSTEM CONTROL NUMBER | |
| System control number | 16560 |
| 020 ## - ISBN | |
| ISBN | 9607623029 |
| 040 ## - ΠΗΓΗ ΚΑΤΑΛΟΓΟΓΡΑΦΗΣΗΣ | |
| Φορέας πρωτότυπης καταλογογράφησης | MC Athens Campus Library |
| Γλώσσα καταλογογράφησης | Ελληνικά, Μοντέρνα (1453-) |
| Modifying agency | MC Athens Campus Library |
| Κανόνες περιγραφικής καταλογογράφησης | AACR2 |
| 245 1# - ΤΙΤΛΟΣ ΚΑΙ ΔΗΛΩΣΗ ΥΠΕΥΘΥΝΟΤΗΤΑΣ | |
| Τίτλος | Ιστορία και Λειτουργία της Ευρωπαϊκής Ένωσης |
| 260 ## - PUBLICATION, DISTRIBUTION, ETC. | |
| Name of publisher, distributor, etc. | Γερμανός, |
| Date of publication, distribution, etc. | 1996 |
| 300 ## - PHYSICAL DESCRIPTION | |
| Extent | 112 |
| 520 ## - SUMMARY, ETC. | |
| Summary, etc. | Πρόλογος, Περιεχόμενα, Συντομογραφίες, Συνοπτική Ιστορική Εξέλιξη, Γενικά για την Ευρωπαϊκή Ένωση, Η Ενιαία Ευρωπαϊκή Πράξη, Τα Θεσμικά Οργανα, Πώς Λαμβάνονται οι Αποφάσεις (Λειτουργία Θεσμών και Οργάνων), Η Ευρωπαϊκή Επιτροπή (Commission), Το Συμβούλιο των Υπουργών, Το Ευρωπαϊκό Συμβούλιο, Το Ευρωπαϊκό Κοινοβούλιο, Η Οικονομική και Κοινωνική Επιτροπή (C.E.S.), Το Ευρωπαϊκό Δικαστήριο, Το Ελεγκτικό Συνέδριο, Η Ευρωπαϊκή Τράπεζα Επενδύσεων, Η Ευρωπαϊκή Ένωση και το Μάαστριχτ, Μάαστριχτ: Οικονομική και Νομισματική και Πολιτική Ένωση, Νέα Πεδία Αρμοδιότητας, Το Κόστος που Προκύπτει από τις Νέες Πολιτικές, Διαστάσεις των Εξωτερικών Σχέσεων, Οι Επιμέρους Κοινοτικές Πολιτικές, Οικονομική και Νομισματική Πολιτική, Βιομηχανία και Πολιτική Ανάπτυξης, Κοινωνική Πολιτική, Προστασία των Καταναλωτών, Περιβαλλοντική Πολιτική, Δημόσια Υγεία, Δικαιοσύνη και Εσωτερικές Υποθέσεις, Ενοποίηση του Οπτικοακουστικού Τομέα, Επίλογος, Βασικοί Όροι, Βιβλιογραφία. |
| 700 1# - ΠΡΟΣΘΕΤΗ ΑΝΑΓΡΑΦΗ--ΦΥΣΙΚΟ ΠΡΟΣΩΠΟ | |
| Personal name | Τενεκετζίδης Θεόδοσης |
| 9 (RLIN) | 2655 |
| 942 ## - ADDED ENTRY ELEMENTS (KOHA) | |
| Koha item type | Books |
| Τύπος τεκμηρίου | Βιβλιοθήκη | Τρέχουσα τοποθεσία | Barcode | Αριθμός εισαγωγής | Ημερομηνία απόκτησης | Ταξιθετικό σύμβολο | Αριθμός αντιτύπου | Κατάσταση απόσυρσης | Κατάσταση χαμένου | Κατάσταση κατεστραμμένου | Μη δανεισμός | Σύνολο δανεισμών | Ημερομηνία τελευταίας εμφάνισης | Η τιμή ισχύει από |
|---|---|---|---|---|---|---|---|---|---|---|---|---|---|---|
| Books | MC Athens Campus Library | MC Athens Campus Library | 9780000020512 | 4264 | 05/06/2025 | 337.142 ΤΕΝ | 1 | 05/06/2025 | 05/06/2025 |